000 00681nam a22002417a 4500
001 32704
003 UA-OsUOA
005 20220704233326.0
007 ta
008 20050209b un ||||| |||| 00| 0 ukr d
040 _aUA-OsUOA
_brus
_cUA-OsUOA
_dUA-OsUOA
041 _arus
044 _aRU
080 _a821.161.1
090 _a821.161.1
_bЛ50
100 _aЛесков Н.
245 _aПовести. Рассказы
_cН. Лесков ; вступ. статья Л. Крупчанов
260 _aМосква
_bХудожественная литература
_c1973
300 _a560 с.
_bІлюстрації
650 7 _2UDC
942 _cBK
_2udc
955 _a0
999 _c319155
_d319155